De Papyrus Denon in het Museum Meermanno-Westreenianum, den Haag, of, Het Boek van het ademen van Isis

محفوظ في:

مؤلفون آخرون: Coenen, M. (Marc) Quaegebeur, J. (Jan) Rijksmuseum Meermanno-Westreenianum.

التنسيق: كتاب

اللغة: Undetermined

منشور في: Leuven Uitgeverij Peeters 1995.

سلاسل: Monografieën van het Museum van het Boek. nr. 5.

الموضوعات:

الوسوم: إضافة وسم

لا توجد وسوم, كن أول من يضع وسما على هذه التسجيلة!

رقم الطلب: PJ1559 .B42 1995

LEADER 00797nam a22002177a 4500
005 20251027080918.0
008 251027t9999||||xx |||||||||||||| ||und||
020 |a 9068316893 
050 1 4 |a PJ1559  |b .B42 1995 
245 1 0 |a De Papyrus Denon in het Museum Meermanno-Westreenianum, den Haag, of, Het Boek van het ademen van Isis  
246 1 3 |a Book of breathings. 
264 1 |a Leuven   |b Uitgeverij Peeters   |c 1995. 
300 |a 140 p.   |b ill. (some col.)  |c 28 cm. 
490 0 |a Monografieën van het Museum van het Boek. nr. 5. 
504 |a Includes bibliographical references. 
650 4 |a Early works. 
650 4 |a Egyptian language -- Papyri. 
650 4 |a Papyrus Denon. 
700 1 |a Coenen, M. (Marc) Quaegebeur, J. (Jan) Rijksmuseum Meermanno-Westreenianum. 
942 |2 lcc  |c BK 
999 |c 50171  |d 50171